000 00691nas a2200217 i 4500
001 188034
003 ES-MaACL
005 20250217134926.0
008 180413d19761992sp q| | ||pa d
022 _a0212-937X
245 0 0 _aMovimiento de viajeros en establecimientos turísticos /
_cInstituto Nacional de Estadística.
260 _aMadrid :
_bINE,
_c1976-1992.
300 _a25 v. ;
_c27 cm.
310 _aTrimestral,
_bdesde 1983
321 _aMensual
650 0 4 _aTurismo-
_zEspaña-
_vEstadísticas.
_917669
710 2 _aInstituto Nacional de Estadística (España)
_95162
852 _aES-MaACL
_j2099-F-1-25
866 0 _o(1975)1976(1977)1982.
999 _c188034
_d188034